000 00393cam a2200157ua 4500
041 _aeng
_h
082 _a631.8
_bCOL/CO
100 _aCollings, Gilbert.H .
245 _aCommercial fertilizers /
_cH.Gilbert Collings.
_hTextual Documents
250 _a5 /
_b.
260 _a :
_bMcGraw Hill Book Company ,
_c1955.
300 _a617 ; .
504 _a
942 _cBK
999 _c2588
_d2588